000 00575nam a2200205Ia 4500
008 180523s9999 xx 000 0 und d
020 _a81-224-1519-9
050 _aMAIN HV 8290
050 _b.S53 2004
100 _aSharma, Colonel R. P.
245 0 _aIndustrial security management /
245 0 _cColonel R. P. Sharma.
260 _aNew Delhi :
260 _bNew Age International,
260 _c2004
300 _a246 pages :
300 _c24 cm.
500 _aIncludes bibliographical references.
650 _aIndustries -- Security measures -- Management.
999 _c357294
_d357294